Judgment of errors (Record no. 70002)

MARC details
000 -LEADER
fixed length control field 01257cam a2200217 4500
001 - CONTROL NUMBER
control field ABS65367
008 - FIXED-LENGTH DATA ELEMENTS--GENERAL INFORMATION
fixed length control field 020417n2002 000 0 eng u
035 ## - SYSTEM CONTROL NUMBER
System control number (Sirsi) u117546
100 ## - MAIN ENTRY--PERSONAL NAME
Personal name Murphy, S
245 ## - TITLE STATEMENT
Title Judgment of errors
260 ## - PUBLICATION, DISTRIBUTION, ETC.
Date of publication, distribution, etc. 2002
490 ## - SERIES STATEMENT
Series statement Estates Gazette
Volume/sequential designation (0212) 23 March 2002, 130(1)
520 ## - SUMMARY, ETC.
Summary, etc. Explores the issue of challenging the determination of an expert witness. Provides guidance on challenging an expert as set out in "Toepfer v Continental Grain Co" (1974) and illustrates how "Invensys plc v Automotive Sealing Systems Ltd" (2002) gave the courts a rare opportunity to examine these principles. In "Invensys" the court had to consider what material was examinable in deciding whether a manifest error had arisen and whether a manifest error had actually occurred. Concludes that a court will rarely interfere with an expert's decision, unless there is an obvious manifest error.
590 ## - LOCAL NOTE (RLIN)
Local note ABS
650 ## - SUBJECT ADDED ENTRY--TOPICAL TERM
Topical term or geographic name entry element EXPERT WITNESSES
650 ## - SUBJECT ADDED ENTRY--TOPICAL TERM
Topical term or geographic name entry element TOEPFER V CONTINENTAL GRAIN CO
650 ## - SUBJECT ADDED ENTRY--TOPICAL TERM
Topical term or geographic name entry element NVENSYS PLC V AUTOMOTIVE SEALING SYSTEMS LTD
650 ## - SUBJECT ADDED ENTRY--TOPICAL TERM
Topical term or geographic name entry element EXPERT DETERMINATION
690 ## - LOCAL SUBJECT ADDED ENTRY--TOPICAL TERM (OCLC, RLIN)
Topical term or geographic name as entry element MANAGEMENT-DISPUTE AVOIDANCE, MANAGEMENT AND RESOLUTION-DISPUTE MANAGEMENT AND RESOLUTION-EXPERT WITNESSES
942 ## - ADDED ENTRY ELEMENTS (KOHA)
Suppress in OPAC 0
Holdings
Withdrawn status Lost status Source of classification or shelving scheme Damaged status Not for loan Home library Current library Shelving location Date acquired Total Checkouts Full call number Barcode Date last seen Copy number Price effective from Koha item type
    Dewey Decimal Classification     London London Journal article 17/04/2002   ABS65367 117546-1001 06/08/2019 1 06/08/2019 Journal article